00516nam a22001577a 4500003000400000005001700004008004100021040000900062100003100071245010700102260002700209300001100236490003500247650003200282650004400314OSt20131018112238.0130611s1978 sp ||||| |||| 00| 0 spa d cCDMR1 aAguilar Piñal, Francisco13aLa prensa española en el siglo XVIIIb: diarios, revistas y pronósticoscFrancisco Aguilar Piñal aMadridbC.S.I.C.c1978 a134 p. aCuadernos Bibliográficosv3504aPremsaxHistòriazEspanya04aPremsazEspanyavBibliografiayS. XVIII